Vista normal
Vista MARC
Entrada Personal Name
Número de registros utilizados en: 2
001 - CONTROL NUMBER
- control field: 367
003 - CONTROL NUMBER IDENTIFIER
- control field: OSt
005 - DATE AND TIME OF LATEST TRANSACTION
- control field: 20180716120034.0
008 - FIXED-LENGTH DATA ELEMENTS
- fixed length control field: 150428 a|ac|n|aab||||||||||||a |n|||||||
040 ## - CATALOGING SOURCE
- Original cataloging agency: OSt
- Transcribing agency: OSt
100 1# - HEADING--PERSONAL NAME
- Personal name: Mora, Manuel de la
375 ## - GENDER
- Gender: Masculino
377 ## - ASSOCIATED LANGUAGE
- Language code: spa